Estudio del impacto agroecológico en la ejecución del proyecto mejoramiento del camino Estelí - empalme La Quiata longitud 37.24 km
El proyecto vendría a mejorar la economía local contribuyendo a nivel macroeconómico por su ubicación en la región central norte ya que los departamentos de Estelí y Jinotega son regiones con economía prospera donde se desarrolla productos para exportación, tal es el caso del tabaco en Estel...
| Main Authors: | , |
|---|---|
| Other Authors: | |
| Format: | Tesis Section = Libro |
| Language: | Undetermined Spanish |
| Published: |
Managua
UNI
2020
|
| Subjects: |
| LEADER | 01439nam a2200277Ia 4500 | ||
|---|---|---|---|
| 008 | 240830s9999 xx 000 0 und d | ||
| 040 | |a BIBLIOTECA-RUPAP Mon 625.7 O77 | ||
| 041 | |a spa | ||
| 082 | |a Mon 625.7 O77 | ||
| 100 | 1 | |a Ortiz Solís, María Fernanda | |
| 100 | 1 | |b Álvarez Flores, Karely Gabriela | |
| 245 | 1 | 0 | |a Estudio del impacto agroecológico en la ejecución del proyecto mejoramiento del camino Estelí - empalme La Quiata longitud 37.24 km |
| 260 | |a Managua |b UNI |c 2020 | ||
| 300 | |a 62 p. :il. | ||
| 500 | |a Contiene: anexos y CD. | ||
| 502 | |a Tesis (Ingeniero Agrícola)- UNI, 2020. | ||
| 520 | 3 | |a El proyecto vendría a mejorar la economía local contribuyendo a nivel macroeconómico por su ubicación en la región central norte ya que los departamentos de Estelí y Jinotega son regiones con economía prospera donde se desarrolla productos para exportación, tal es el caso del tabaco en Estelí y el café en Jinotega. A nivel microeconómico, viene a favorecer al impulso económico y social de la zona productiva, mejorando el transporte y el nivel de vida de la población existente y futura. | |
| 650 | 7 | |a CAMINO-MANTENIMIENTO Y REPARACION | |
| 650 | 7 | |b IMPACTO AGROFORESTALES | |
| 650 | 7 | |c EVALUACION AMBIENTAL | |
| 650 | 7 | |d IMPACTOS AMBIENTALES | |
| 650 | 7 | |e BANCO DE MATERIALES | |
| 700 | 1 | |a Tutor: |b Acevedo Ampié, Guillermo | |
| 942 | |c BK |2 ddc | ||
| 991 | |a TESIS | ||
| 999 | |c 15987 | ||